| 000 | 01110cam a2200313 i 4500 | ||
|---|---|---|---|
| 001 | 9908 | ||
| 003 | Mx-PuUPA | ||
| 005 | 20240410103450.0 | ||
| 008 | 140415s1948 mx r 000 0 spa d | ||
| 020 | _a9681608062 | ||
| 040 |
_aMX-PuUPA _bspa _erda _cMx-PuUPA _dMx-PuUPA |
||
| 041 | 1 |
_aspa _heng |
|
| 240 | 1 | 0 |
_aDiccionary of psychology. _lEspañol |
| 245 | 0 | 0 |
_aDiccionario de psicología / _ceditor, Howard C. Warren ; traducción y revisión de E. Imaz, A. Alatorre [y otro]. |
| 250 | _aPrimera edición | ||
| 264 | 1 |
_aMéxico, D.F. : _bFondo de Cultura Económica, _c1948 |
|
| 300 |
_axvi, 382 páginas ; _c23 cm. |
||
| 336 |
_atexto _2rdacontent _btxt |
||
| 337 |
_asin medio _2rdamedia _bn |
||
| 338 |
_avolumen _2rdacarrier _bnc |
||
| 650 | 4 |
_aPsicología _vDiccionarios |
|
| 700 | 1 |
_aWarren, Howard C., _eeditor |
|
| 700 | 1 |
_aImaz, E., _etraductor |
|
| 700 | 1 |
_aAlatorre, A., _etraductor |
|
| 765 | 0 | 8 |
_aWarren, Howard C., _tDiccionary of psychology. _dBoston : Houghton Mifflin Company, ©1934 |
| 942 |
_2ddc _cLI _h150.3 _iD545 |
||
| 999 |
_c9908 _d9908 |
||